000 00528pab a2200181 454500
008 180718b2008 xxu||||| |||| 00| 0 eng d
100 _aMadhusoodanan, P.R.
245 _aAn empirical verification of cointegration and causality in Indian Stock markets: a case of BSE and NSE
260 _c2008
300 _ap.159-72.
362 _aJan-Jun
650 _aFinancial markets - India
650 _aFinancial markets
700 _aKumar, Hareesh V.
773 _aSouth Asia Economic Journal
908 _aN
909 _a78807
999 _c78807
_d78807